Statistiken für Österreich A-Z

Klicken Sie hier um das Quiz zu spielen!

Allgemein

  • Dieses Quiz wurde 683 mal gespielt
    (641 seit der letzten Aktualisierung)
  • Das Durchschnittsergebnis liegt bei 15 aus 26

Antwortstatistiken

# Hinweis Antwort % Korrekt
WHauptstadtWien
95%
IEinzige OlympiastadtInnsbruck
90%
LNachbarstaat im WestenLiechtenstein
88%
SEhemalige WährungSchilling
86%
OBerühmter Ball in WienOpernball
86%
JÖsterreichisches Wort für JanuarJänner
86%
ATop-Level-Domain.at
81%
HAdelsgeschlecht, welches die Kaiser stellteHabsburg(-Lothringen)
81%
QDeutsches Wort für TopfenQuark
73%
VEin BundeslandVorarlberg
71%
KBekannte Süßspeise aus PalatschinkenteigKaiserschmarrn
65%
FKünstlername von Johann Hölzel (†)Falco
60%
XVorname von Regisseur SchwarzenbergerXaver
58%
DFluss, der quer durch Kärnten und Osttirol verläuftDrau
50%
GInternational tätiger WaffenherstellerGlock GmbH
47%
MGrößtes NS-Konzentrationslager in Österreich (Standort)Mauthausen
47%
UWahrzeichen von GrazUhrturm
43%
NAbgeordnetenkammer des ParlamentsNationalrat
43%
YRechter Nebenfluss der Donau in NiederösterreichYbbs
41%
RWertvollste österreichische MarkeRed Bull
41%
PSalzburger Gau, deckungsgleich mit dem Bezirk St. JohannPongau
38%
EBerühmtes Schloss in EisenstadtEsterházy
37%
BSpezielle Form des (Wiener) WirtshausesBeisl
36%
ZOrt des einzigen Kernkraftwerks in Österreich (nie in Betrieb)Zwentendorf
34%
CAntike römische Zivilstadt, heute Ausgrabungsstätte und Museum (in NÖ)Carnuntum
28%
THeimatort von Arnold SchwarzeneggerThal
17%

Verteilung der Resultate

Perzentil nach korrekt beantworteten Fragen

Anzahl Personen mit jedem Resultat

Ihre Resultats-Entwicklung

Sie haben dieses Quiz seit der letzten Aktualisierung nicht gespielt